¿Adivina quién? [juego] /

Guardado en:
Formato: Objeto Físico
Publicado: Argentina : Hasbro, c1998.
Materias:
Etiquetas: Agregar Etiqueta
Sin Etiquetas, Sea el primero en etiquetar este registro!
LEADER 00784nrm a22001575g 4500
001 CEM.cems019457
008 130507s1998##################0###0#####d
005 20220830184347.0
245 0 0 |a ¿Adivina quién? [juego] /  |c Milton Bradley. 
260 |a Argentina :  |b Hasbro,  |c c1998. 
300 |a 1 juego (2 tableros plásticos con 24 marcos cada uno y retratos, 24 cartas de rostros misteriosos, clavijas para puntos) ; en caja 46 x 25 x 5 cm. + instrucciones. 
500 |a Para 2 jugadores a partir de 6 años objetivo: averiguar quién es el personaje misterioso de tu rival, antes de que éste adivine quién es el tuyo. 
082 0 4 |a J793.7 
653 |a 1. juegos de intriga y deducción 
653 |a 2. juegos de preguntas y respuestas 
859 |a CEMS  |b BIB. CEMS - Ludoteca  |h J793.7  |i B728  |p 267.02  |t Ej.1